Szövetségben a lakásszövetkezetek

Elmentve itt :
Bibliográfiai részletek
Dokumentumtípus: Cikk
Megjelent: 1970-01-06
Sorozat:Délmagyarország 60 No. 4
Kulcsszavak:Lakásszövetkezet Szeged 1970, lakásügyi hatóságok
Online Access:http://dmarchiv.bibl.u-szeged.hu/73288
LEADER 00446nab a2200145 i 4500
001 delm73288
005 20180928082559.0
008 180928s1970 hu o 0|| hun d
040 |a SZTE Délmagyarország Archívum  |b hun 
041 |a hun 
245 0 0 |a Szövetségben a lakásszövetkezetek  |h [elektronikus dokumentum] 
260 |c 1970-01-06 
300 |a 5 
490 0 |a Délmagyarország  |v 60 No. 4 
695 |a Lakásszövetkezet Szeged 1970, lakásügyi hatóságok